Geology of the Cortez quadrangle, Nevada, (Record no. 30115)

MARC details
000 -LEADER
fixed length control field 01007cam a22002651 4500
001 - CONTROL NUMBER
control field gs 65000373
003 - CONTROL NUMBER IDENTIFIER
control field DLC
005 - DATE AND TIME OF LATEST TRANSACTION
control field 20260227111417.0
008 - FIXED-LENGTH DATA ELEMENTS--GENERAL INFORMATION
fixed length control field 780712s1965 dcuab b f000 0 eng
010 ## - LIBRARY OF CONGRESS CONTROL NUMBER
LC control number gs 65000373
035 ## - SYSTEM CONTROL NUMBER
System control number (OCoLC)4047487
040 ## - CATALOGING SOURCE
Original cataloging agency DLC
Transcribing agency OClU
Modifying agency OCoLC
-- DLC
042 ## - AUTHENTICATION CODE
Authentication code premarc
050 00 - LIBRARY OF CONGRESS CALL NUMBER
Classification number QE75
Item number .B9 no. 1175
100 1# - MAIN ENTRY--PERSONAL NAME
Personal name Gilluly, James,
Dates associated with a name 1896-1980.
245 10 - TITLE STATEMENT
Title Geology of the Cortez quadrangle, Nevada,
Statement of responsibility, etc. by James Gilluly and Harold Masursky. With a section on Gravity and aeromagnetic surveys, by Don R. Mabey.
260 ## - PUBLICATION, DISTRIBUTION, ETC.
Place of publication, distribution, etc. Washington,
Name of publisher, distributor, etc. U.S. Govt. Print. Off.,
Date of publication, distribution, etc. 1965.
300 ## - PHYSICAL DESCRIPTION
Extent v, 117 p.
Other physical details illus., maps (3 fold., 2 col. in pocket)
Dimensions 24 cm.
410 20 - SERIES STATEMENT/ADDED ENTRY--CORPORATE NAME [OBSOLETE, CAN/MARC], [LOCAL, USA]
Corporate name or jurisdiction name as entry element Geological Survey (U.S.).
Title of a work Bulletin,
Volume number/sequential designation 1175
500 ## - GENERAL NOTE
General note "Prepared in cooperation with the Nevada State Bureau of Mines."
504 ## - BIBLIOGRAPHY, ETC. NOTE
Bibliography, etc. note Bibliography: p. 111-113.
650 #0 - SUBJECT ADDED ENTRY--TOPICAL TERM
Topical term or geographic name entry element Geology
Geographic subdivision Nevada
-- Cortez Region.
700 1# - ADDED ENTRY--PERSONAL NAME
Personal name Masursky, Harold,
Dates associated with a name 1922-
Relator term joint author.
710 2# - ADDED ENTRY--CORPORATE NAME
Corporate name or jurisdiction name as entry element Nevada Bureau of Mines.

No items available.

Powered by Koha